Normal view
MARC view
Entry Personal Name
001 - CONTROL NUMBER
- control field: 46371
003 - CONTROL NUMBER IDENTIFIER
- control field: dpl
005 - DATE AND TIME OF LATEST TRANSACTION
- control field: 20120504105238.0
008 - FIXED-LENGTH DATA ELEMENTS
- fixed length control field: 120504|||a|||||| | ||| d
040 ## - CATALOGING SOURCE
- Original cataloging agency: dpl
- Transcribing agency: dpl
100 ## - HEADING--PERSONAL NAME
- Personal name: शर्मा, हरीश
670 ## - SOURCE DATA FOUND
- Source citation: Work cat.: (dpl): शर्मा, हरीश, ध्वनिविज्ञान /, 2001
670 ## - SOURCE DATA FOUND
- Source citation: Work cat.: (dpl): शर्मा, हरीश, ध्वनिविज्ञान /, 2001
